Golden ages, dark ages : imagining the past in anthropology and history

Αποθηκεύτηκε σε:
Λεπτομέρειες βιβλιογραφικής εγγραφής
Άλλοι συγγραφείς: O'Brien, Jay (Επιμελητής έκδοσης), Roseberry, William 1950- (Επιμελητής έκδοσης)
Μορφή: Βιβλίο
Γλώσσα:English
Δημοσίευση: Berkeley : University of California Press, 1991
Θέματα:
Ετικέτες: Προσθήκη ετικέτας
Δεν υπάρχουν, Καταχωρήστε ετικέτα πρώτοι!

MARC

LEADER 00000cam a2200000 i 4500
001 1/93201
008 940415s1991 eng d
020 |a 0-520-07018-6 
035 |l 10008749 
040 |a GR-MY-UA  |b gre  |e aacr 
041 0 |a eng 
082 0 |a 306 
245 1 0 |a Golden ages, dark ages :  |b imagining the past in anthropology and history /  |c Edited by Jay O'Brien; William Roseberry 
260 |a Berkeley :   |b University of California Press,   |c 1991 
300 |a 288 p. 
504 |a Includes bibliographical references and index. 
650 0 0 |a Anthropology  |x Methodology. 
650 0 0 |a Ethnohistory. 
650 0 0 |a Economic anthropology. 
700 1 |a O'Brien, Jay.  |4 edt 
700 1 |a Roseberry, William  |d 1950-  |4 edt 
852 |a INST  |b LESVOS  |e 19940415  |h 306 GOL  |p 005100006942  |q 005100006942  |t BK  |y 0 
909 |a Λ  |b 022011